| 000 | 01294cam a22001814a 4500 | ||
|---|---|---|---|
| 005 | 20250605164344.0 | ||
| 008 | 250528s ||||||||||||||||||||||||d | ||
| 035 | _a23774 | ||
| 040 |
_aGR-AtMCL _bgre _dGR-AtMCL _eAACR2 |
||
| 245 | 1 | _aIntrusion Detection and Prevention Systems/Survey on the Current Related Work on IDS/ IPS'S (Intrusion Detection/ Prevention Systems) Provided Security | |
| 260 | _c2016 | ||
| 300 | _a36 | ||
| 520 | _aIntroduction, Network Security, Components for a Secure Network, Firewalls, Security Policy, Security Risk and Cost, Network Attacks, Attacks on Availability, Attacks on Integrity, Attacks on Confidentiality, Intrusion Detection and Prevention Systems Review, Malicious Traffic Identification, Types of Alerts, Architecture and Components, IDS/ IPS Capabilities, IDS/ IPS Deployment, Wireless IDS/ IPS Overview, Wireless IDS/ IPS Capabilities, Wireless IDS/ IPS Deployment, Benefits and Drawbacks, Network-Based Sensor Advantages, Host-Based Sensor Advantages, Wireless Sensor Advantages, Limitations, First and Second Generation Sensors, Hardware and Software IDS/ IPS Solutions, Hardware Solutions, Software Solutions, Conclusion, References, Bibliography. | ||
| 700 | 1 |
_aKourris Petros _99307 |
|
| 942 | _cDS | ||
| 999 |
_c8711 _d8711 |
||